Southville International School and Colleges
Your cart is empty.
  • Cart
  • Lists
    Public lists Eva Luna New books Lux_list list_1
    Your lists Log in to create your own lists
  • Log in to your account
  • Your cookies
  • Search history
Southville International School and Colleges
  • Advanced search
  • Recent comments
  • Most popular
  • Libraries

Log in to your account

Log in with GOOGLE


If you do not have an external account, but do have a local account, you can still log in:

  1. Home
  2. MARC view: Southville international school and colleges science laboratory inventory system /
Normal view MARC view ISBD view

Southville international school and colleges science laboratory inventory system / (Record no. 284761)

[ view plain ]
MARC details
000 -LEADER
fixed length control field 00579nam a22001697a 4500
003 - CONTROL NUMBER IDENTIFIER
control field PILC
005 - DATE AND TIME OF LATEST TRANSACTION
control field 20250212115655.0
008 - FIXED-LENGTH DATA ELEMENTS--GENERAL INFORMATION
fixed length control field 150605b xxu||||| |||| 00| 0 eng d
050 ## - LIBRARY OF CONGRESS CALL NUMBER
Classification number QA 76.5
Item number .L732 2007
100 ## - MAIN ENTRY--PERSONAL NAME
Personal name Lim, Lorenzo G.H.
245 ## - TITLE STATEMENT
Title Southville international school and colleges science laboratory inventory system /
Statement of responsibility, etc Lorenzo G.H. Lim.
260 ## - PUBLICATION, DISTRIBUTION, ETC. (IMPRINT)
Place of publication, distribution, etc Las Piñas City:
Name of publisher, distributor, etc SISC,
Date of publication, distribution, etc 2007.
300 ## - PHYSICAL DESCRIPTION
Extent xi, 100 pages :
Other physical details illustrations ;
Dimensions 28 cm.
500 ## - GENERAL NOTE
General note Includes bibliographical references and appendices.
650 ## - SUBJECT ADDED ENTRY--TOPICAL TERM
Topical term or geographic name as entry element Inventory system.
942 ## - ADDED ENTRY ELEMENTS (KOHA)
Source of classification or shelving scheme Library of Congress Classification
Koha item type Theses
Call number prefix Local
Holdings
Withdrawn status Lost status Source of classification or shelving scheme Damaged status Home library Current library Shelving location Date acquired Source of acquisition Total Checkouts Full call number Barcode Date last seen Price effective from Koha item type
    Library of Congress Classification   College Library College Library Theses Section 06/05/2015 Library Fund   QA 76.5 .L732 2007 T0859 05/15/2018 06/05/2015 Theses

Southville international school and colleges science laboratory inventory system /

APA

Lim L. G., . (2007). Southville international school and colleges science laboratory inventory system. Las Piñas City: SISC.

Chicago

Lim Lorenzo G.H, . 2007. Southville international school and colleges science laboratory inventory system. Las Piñas City: SISC.

Harvard

Lim L. G., . (2007). Southville international school and colleges science laboratory inventory system. Las Piñas City: SISC.

MLA

Lim Lorenzo G.H, . Southville international school and colleges science laboratory inventory system. Las Piñas City: SISC. 2007.

  • Print
  • Cite
  • Add to your cart (remove)
  • Save record
    BIBTEX Dublin Core MARCXML MARC (non-Unicode/MARC-8) MARC (Unicode/UTF-8) MARC (Unicode/UTF-8, Standard) MODS (XML) RIS
  • More searches
    Search for this title in:
    Other Libraries (WorldCat) Other Databases (Google Scholar) Online Stores (Bookfinder.com) Open Library (openlibrary.org)

Exporting to Dublin Core...

SOUTHVILLE LIBRARY

Southville International School and Colleges Library

1281 Tropical Ave. Cor. Luxembourg St., BF Homes International, Las Pinas City

Tel. No. 8256374 / 252358 Loc. 117/146

Powered by Koha